000 00527nam a22001817a 4500
005 20251108164324.0
008 250721s9999 xx 000 0 ara d
082 1 4 _a219.9/عبد
100 1 _aالسحار، عبد الحميد جوده
245 1 0 _aأهل بيت النبي /
264 1 _aالقاهره :
_bمكتبة مصر،
_c[19-].
300 _a351ص.
650 1 7 _aالسيرة النبوية
650 1 7 _aالصحابة و التابعون
650 1 7 _aآل البيت
942 _2ddc
_cBK
999 _c9276
_d9276